000
00279nam a2200121Ia 4500
008
221030s9999 xx 000 0 und d
041
_a
English
100
_a
A. K. Raina
245
0
_a
Fundamentals Of Tourism System
_c
by A. K. Raina
260
_c
0
650
_a
Mb
942
_c
BK
999
_c
14355
_d
14355